000 00431nam a2200145 4500
001 131723
003 ES-MaACL
007 t|
008 070214s1939 gw r ||||1| ger d
100 1 _aRoehr, Erich.
_998901
245 1 0 _aDie Volkstumskarte
_b: voraussetzungen und gestaltung /
_cErich Roehr.
260 _aLeipzig :
_bVerlag Hirzel,
_c1939.
300 _a139 p. :
_b72 grabs. ;
_c27 cm.
852 _aES-MaACL
_jL-5455
_bR.19075
999 _c131723
_d131723